000 00614cam a22001933a 4500
001 44377
003 PGUSA
005 20140828084020.0
008 131206s2013||||xxu|||||s|||||000 | eng d
040 _aPGUSA
_beng
042 _adc
245 1 0 _aNatural History :
_bUncle Philip's Conversations with the Children about Tools and Trades among Inferior Animals
_h[electronic resource] /
_cAnonymous
260 _bProject Gutenberg,
_c2013
506 _aPublic domain in the USA.
516 _aElectronic text
830 0 _aProject Gutenberg
_v44377
856 4 0 _uhttp://www.gutenberg.org/ebooks/44377
942 _cEB
999 _c273628
_d273628